000
00314nam a22001337a 4500
008
210303b ||||| |||| 00| 0 eng d
020
_a
9780321613370
041
_a
eng
080
_2
4th
_a
510
100
_a
36
101
_a
MAT
245
_a
Introdutory and Intermediate ALGEBRA
_c
Nittinger,L.M
942
_2
udc
_c
BK
999
_c
55604
_d
55604